000 00552nam a22002057a 4500
003 koha_MIRAKIL
005 20231213100024.0
008 231213b |||||||| |||| 00| 0 ||| d
020 _b978-9-75468265-6
040 _aTR-IsEVY
_btur
_cTR-IsEVY
082 _aFIC CEN/T
100 _aCengiz, Gülsüm.
245 0 _aTaş devrine yolculuk
250 _a7. bs.
260 _bSay Yayınları,
_c2012
300 _a64 s.
650 _aChildren's literature -- Stories, Turkish.
650 _aÇocuk edebiyatı -- Hikaye, Türk.
942 _2ddc
_cBK
999 _c13254
_d13254